| 000 | 00391nam a22001697a 4500 | ||
|---|---|---|---|
| 003 | SGT | ||
| 020 | _a9788131248607 | ||
| 082 |
_a617.96 _bL17C |
||
| 100 | _aCASHMAN, J.N. | ||
| 245 | _aLEE'S SYNOPSIS OF ANAESTHESIA | ||
| 250 | _a14TH | ||
| 260 |
_aINDIA _bELSEVIER PUB _c2017 |
||
| 300 | _a916 | ||
| 650 | _aANESTHESIOLOGY | ||
| 653 | _aLEE'S SYNOPSIS OF ANAESTHESIA | ||
| 942 |
_2ddc _cBK |
||
| 999 |
_c23246 _d23246 |
||